| 000 | 00825nam a22002657a 4500 | ||
|---|---|---|---|
| 999 |
_c12813 _d12813 |
||
| 003 | AR-CdUCM | ||
| 008 | 190410b ||||| |||| 00| 0 spa d | ||
| 020 | _a84-8280-127-9 | ||
| 040 |
_aMUNICIPALIDAD PROVINCIAL DEL CUSCO _cBIBLIOTECA MUNICIPAL DEL CUSCO |
||
| 082 |
_aES /373.808 / _bM22 |
||
| 100 |
_aMann, Thomas _92844 |
||
| 245 | _aMario y el mago y otros relatos / | ||
| 260 |
_aBogota : _bLa Oveja Negra, _bAlianza editorial, _c1983. |
||
| 300 |
_a180 paginas ; _bIlustraciones, Graficos, Dibujos, _c19 cm. |
||
| 500 | _aLiteratura | ||
| 650 |
_aLiteratura _983 |
||
| 650 |
_aHistoria _9136 |
||
| 650 |
_aCuentos _9312 |
||
| 650 |
_aLatinoamerica _94398 |
||
| 650 |
_aAntologia _9142 |
||
| 700 |
_aKroger, Tonio _930889 |
||
| 700 |
_aKroger,Tristan _930890 |
||
| 942 |
_2ddc _cLIBROS |
||
| 945 |
_apjha _d2019-04-10 |
||